[Event "Toronto-ch"]
[Site "Toronto CAN"]
[Date "2013.05.27"]
[Round "6"]
[White "Barron, Michael"]
[Black "Yee, Lorne"]
[Result "0-1"]
[WhiteElo "2294"]
[BlackElo "2259"]
[PlyCount "124"]
[GameId "2160767909364624"]
[EventDate "2013.04.15"]
[EventType "tourn"]
[EventRounds "7"]
[EventCountry "CAN"]
[SourceTitle "EXT 2022"]
[Source "ChessBase"]
[SourceDate "2021.10.06"]
[SourceVersion "1"]
[SourceVersionDate "2021.10.06"]
[SourceQuality "1"]

1. e4 d6 2. d4 Nf6 3. Nc3 c6 4. f4 Qa5 5. Bd3 e5 6. Nf3 exd4 7. Nxd4 Qb6 8. Nb3 a5 9. Qf3 a4 10. Nd2 Nbd7 11. Nc4 Qc7 12. a3 b5 13. Ne3 Bb7 14. O-O g6 15. e5 Ng8 16. exd6 Bxd6 17. Ne4 Be7 18. Bd2 Ngf6 19. Bc3 O-O-O 20. Nxf6 Bxf6 21. Bxf6 Nxf6 22. Rae1 Qb6 23. Rf2 Qd4 24. Nd1 Rhe8 25. Rxe8 Rxe8 26. Qh3+ Kb8 27. Kf1 Bc8 28. Qg3 Ne4 29. Qe3 Qxe3 30. Nxe3 Nxf2 31. Kxf2 Kc7 32. Kf3 Kd6 33. Kf2 Bd7 34. Kf3 f5 35. Kf2 Be6 36. c3 Rb8 37. Bc2 Kc5 38. Nf1 Rd8 39. Ke3 Bc4 40. Ng3 Re8+ 41. Kf2 Bd5 42. h4 h5 43. Bd3 Re7 44. Bc2 Kc4 45. Nf1 Be4 46. Nd2+ Kd5 47. Nxe4 Rxe4 48. g3 Re7 49. Bd3 Kc5 50. Bf1 Kb6 51. Bd3 c5 52. Bc2 Ka5 53. Bd1 b4 54. cxb4+ cxb4 55. axb4+ Kxb4 56. Bc2 Ka5 57. Bd3 Rb7 58. Bc4 Rxb2+ 59. Ke3 Rg2 60. Kf3 Rc2 61. Bf7 Rc6 62. Ke3 Rd6 0-1

[Event "Toronto-ch"]
[Site "Toronto CAN"]
[Date "2013.05.27"]
[Round "6"]
[White "Birarov, Vladimir"]
[Black "Plotkin, Victor"]
[Result "0-1"]
[WhiteElo "2239"]
[BlackElo "2386"]
[PlyCount "46"]
[GameId "2160767909364625"]
[EventDate "2013.04.15"]
[EventType "tourn"]
[EventRounds "7"]
[EventCountry "CAN"]
[SourceTitle "EXT 2022"]
[Source "ChessBase"]
[SourceDate "2021.10.06"]
[SourceVersion "1"]
[SourceVersionDate "2021.10.06"]
[SourceQuality "1"]

1. d4 d5 2. Nf3 Nf6 3. c4 e6 4. g3 Be7 5. Bg2 O-O 6. O-O dxc4 7. Na3 Bxa3 8. bxa3 Nc6 9. a4 Re8 10. Ba3 Nd5 11. Qc2 Nb6 12. Bc5 Bd7 13. Rfd1 Qf6 14. Ne5 Nxe5 15. Bxb6 Ng4 16. Bf3 axb6 17. Bxg4 Bxa4 18. Qxc4 Bxd1 19. Rxd1 c6 20. a4 Qg5 21. Bf3 Qa5 22. Ra1 b5 23. Qb3 Reb8 0-1

[Event "Toronto-ch"]
[Site "Toronto CAN"]
[Date "2013.05.27"]
[Round "6"]
[White "Sapozhnikov, Roman"]
[Black "Song, Michael"]
[Result "1-0"]
[WhiteElo "2388"]
[BlackElo "2354"]
[PlyCount "55"]
[GameId "2160767909364626"]
[EventDate "2013.04.15"]
[EventType "tourn"]
[EventRounds "7"]
[EventCountry "CAN"]
[SourceTitle "EXT 2022"]
[Source "ChessBase"]
[SourceDate "2021.10.06"]
[SourceVersion "1"]
[SourceVersionDate "2021.10.06"]
[SourceQuality "1"]

1. e4 e5 2. Nf3 Nc6 3. Bb5 f5 4. d3 fxe4 5. dxe4 Nf6 6. Qd3 Bc5 7. Nc3 d6 8. Qc4 Bd7 9. O-O Bb6 10. Nd5 Nxd5 11. exd5 Nd4 12. Nxd4 Bxd4 13. Be3 Bb6 14. Bxb6 axb6 15. f4 Ra5 16. Bxd7+ Qxd7 17. b4 Ra3 18. fxe5 dxe5 19. Rae1 Qd6 20. Qd4 Rxa2 21. Rxe5+ Kd8 22. Re6 Qd7 23. Qc4 Ra6 24. b5 Ra5 25. Qb4 c5 26. bxc6 bxc6 27. Qxb6+ Qc7 28. Rd6+ 1-0

[Event "Toronto-ch"]
[Site "Toronto CAN"]
[Date "2013.05.27"]
[Round "6"]
[White "Tonakanian, Stephan"]
[Black "Humphreys, Michael"]
[Result "0-1"]
[WhiteElo "2129"]
[BlackElo "2286"]
[PlyCount "98"]
[GameId "2160767909364627"]
[EventDate "2013.04.15"]
[EventType "tourn"]
[EventRounds "7"]
[EventCountry "CAN"]
[SourceTitle "EXT 2022"]
[Source "ChessBase"]
[SourceDate "2021.10.06"]
[SourceVersion "1"]
[SourceVersionDate "2021.10.06"]
[SourceQuality "1"]

1. d4 Nf6 2. Nf3 b6 3. g3 Bb7 4. Bg2 g6 5. c4 Bg7 6. O-O O-O 7. Nc3 Ne4 8. Qd3 Nxc3 9. bxc3 d6 10. e4 Nc6 11. h4 Na5 12. Be3 Ba6 13. Nd2 e5 14. Rab1 Qe8 15. Qc2 Nxc4 16. Nxc4 Bxc4 17. Rfe1 Ba6 18. h5 c5 19. Qd2 Rd8 20. Bf3 Qa4 21. Bd1 Qd7 22. Kg2 Bb7 23. d5 f5 24. hxg6 hxg6 25. Bf3 f4 26. gxf4 exf4 27. Bxf4 Bc8 28. Rh1 Qf7 29. Rh4 Qf6 30. Rbh1 g5 31. Bxg5 Qxf3+ 32. Kg1 Rde8 33. Bh6 Re7 34. c4 Rf6 35. Bxg7 Rxg7+ 36. Kf1 Ba6 37. e5 Bxc4+ 38. Ke1 dxe5 39. d6 Rf4 40. Qe3 Qxe3+ 41. fxe3 Rxh4 42. Rxh4 Bb5 43. a4 Bc6 44. a5 Rg6 45. Rh5 bxa5 46. Rxe5 Rxd6 47. Re7 Rd7 48. Re6 Bb5 49. Re8+ Kf7 0-1

[Event "Toronto-ch"]
[Site "Toronto CAN"]
[Date "2013.06.03"]
[Round "7"]
[White "Humphreys, Michael"]
[Black "Birarov, Vladimir"]
[Result "1-0"]
[WhiteElo "2286"]
[BlackElo "2239"]
[PlyCount "79"]
[GameId "2160767909364628"]
[EventDate "2013.04.15"]
[EventType "tourn"]
[EventRounds "7"]
[EventCountry "CAN"]
[SourceTitle "EXT 2022"]
[Source "ChessBase"]
[SourceDate "2021.10.06"]
[SourceVersion "1"]
[SourceVersionDate "2021.10.06"]
[SourceQuality "1"]

1. Nf3 c5 2. c4 Nc6 3. g3 g6 4. Bg2 Bg7 5. Nc3 e6 6. d3 Nge7 7. Bg5 h6 8. Bd2 O-O 9. O-O Kh7 10. a3 d5 11. Qc2 Nd4 12. Nxd4 cxd4 13. Na4 Bd7 14. Nc5 Bc6 15. b4 Rc8 16. b5 Be8 17. Nxb7 Qc7 18. Na5 dxc4 19. Qa4 Qe5 20. Nc6 Nxc6 21. bxc6 f5 22. Qa6 Bf7 23. Rfc1 g5 24. Rab1 Qxe2 25. Bb4 Rg8 26. c7 Be5 27. Bd6 Bxd6 28. Qxd6 Qxd3 29. Bb7 Rcf8 30. Qd7 Rg7 31. c8=Q Rxc8 32. Qxc8 Qxa3 33. Rxc4 d3 34. Bf3 d2 35. Rc3 Qd6 36. Qc6 Qd8 37. Qc8 Qf6 38. Rd1 e5 39. Rc6 Qe7 40. Qxf5+ 1-0

[Event "Toronto-ch"]
[Site "Toronto CAN"]
[Date "2013.06.03"]
[Round "7"]
[White "Plotkin, Victor"]
[Black "Sapozhnikov, Roman"]
[Result "1/2-1/2"]
[WhiteElo "2386"]
[BlackElo "2388"]
[PlyCount "100"]
[GameId "2160767909364629"]
[EventDate "2013.04.15"]
[EventType "tourn"]
[EventRounds "7"]
[EventCountry "CAN"]
[SourceTitle "EXT 2022"]
[Source "ChessBase"]
[SourceDate "2021.10.06"]
[SourceVersion "1"]
[SourceVersionDate "2021.10.06"]
[SourceQuality "1"]

1. e4 c5 2. c3 Qa5 3. Nf3 e6 4. Bd3 d5 5. O-O dxe4 6. Bxe4 Nf6 7. Bc2 Nc6 8. d4 cxd4 9. Nxd4 Bd7 10. Bf4 Nxd4 11. Qxd4 Bc6 12. Qe5 Qb6 13. Bb3 Rd8 14. Qe2 Ne4 15. Nd2 Nxd2 16. Bxd2 Bc5 17. Bg5 Be7 18. Bxe7 Kxe7 19. Qg4 g6 20. Rad1 Rxd1 21. Rxd1 Rd8 22. Qh4+ Ke8 23. Rxd8+ Qxd8 24. Qxd8+ Kxd8 25. f4 Ke7 26. Kf2 Kd6 27. Bc2 e5 28. g3 f6 29. Ke3 Be8 30. b4 Bf7 31. a4 b6 32. Bd3 a5 33. Bc2 h6 34. h4 g5 35. hxg5 exf4+ 36. Kxf4 fxg5+ 37. Kf5 Be8 38. Bb3 Ke7 39. Bd1 Bf7 40. g4 Be8 41. Ke5 Bf7 42. bxa5 bxa5 43. Kd4 Kd6 44. c4 Be8 45. c5+ Kc7 46. Ke5 Kc6 47. Kd4 Kc7 48. Kd5 Bd7 49. Ke5 Kc6 50. Kd4 Kc7 1/2-1/2

[Event "Toronto-ch"]
[Site "Toronto CAN"]
[Date "2013.06.03"]
[Round "7"]
[White "Song, Michael"]
[Black "Barron, Michael"]
[Result "1-0"]
[WhiteElo "2354"]
[BlackElo "2294"]
[PlyCount "51"]
[GameId "2160767909364630"]
[EventDate "2013.04.15"]
[EventType "tourn"]
[EventRounds "7"]
[EventCountry "CAN"]
[SourceTitle "EXT 2022"]
[Source "ChessBase"]
[SourceDate "2021.10.06"]
[SourceVersion "1"]
[SourceVersionDate "2021.10.06"]
[SourceQuality "1"]

1. Nf3 f5 2. d3 d5 3. Nbd2 Nf6 4. c4 e6 5. b3 c5 6. cxd5 exd5 7. Bb2 Nc6 8. e3 Bd6 9. d4 b6 10. Bb5 Bb7 11. Ne5 Rc8 12. Qf3 O-O 13. Qxf5 cxd4 14. Bxc6 Bxc6 15. Qe6+ Kh8 16. Bxd4 Be8 17. O-O Bb4 18. Ndf3 Ne4 19. Rac1 Rxc1 20. Rxc1 Qd6 21. Qg4 Nf6 22. Qh3 Ne4 23. Rc8 Kg8 24. Qg4 Nf6 25. Qf5 Ne4 26. Rxe8 1-0

[Event "Toronto-ch"]
[Site "Toronto CAN"]
[Date "2013.06.03"]
[Round "7"]
[White "Yee, Lorne"]
[Black "Tonakanian, Stephan"]
[Result "1-0"]
[WhiteElo "2259"]
[BlackElo "2129"]
[PlyCount "119"]
[GameId "2160767909364631"]
[EventDate "2013.04.15"]
[EventType "tourn"]
[EventRounds "7"]
[EventCountry "CAN"]
[SourceTitle "EXT 2022"]
[Source "ChessBase"]
[SourceDate "2021.10.06"]
[SourceVersion "1"]
[SourceVersionDate "2021.10.06"]
[SourceQuality "1"]

1. d4 Nf6 2. Bf4 e6 3. e3 b6 4. Nf3 Bb7 5. h3 c5 6. c3 Nc6 7. Bd3 Be7 8. O-O O-O 9. Qe2 d6 10. Nbd2 Re8 11. Rfd1 Bf8 12. Bg5 Be7 13. Rac1 Nd5 14. Bxe7 Qxe7 15. Ba6 Red8 16. a3 Nf6 17. e4 h6 18. b4 Rab8 19. Bxb7 Rxb7 20. Qd3 Nh5 21. g3 e5 22. Nf1 Re8 23. b5 Na5 24. dxe5 dxe5 25. Ne3 Qe6 26. Kh2 c4 27. Qd5 Nf6 28. Qxe6 Rxe6 29. Rd8+ Kh7 30. Nd2 Rc7 31. f3 Nb7 32. Ra8 Na5 33. Rc2 Rd6 34. Kg2 Rd3 35. Kf2 Nh5 36. Nd5 Rc5 37. a4 Nf6 38. Nxf6+ gxf6 39. Rxa7 Nb3 40. Nf1 Rc8 41. Ne3 Kg6 42. Ke2 Rdd8 43. Nd5 Rd6 44. Ne7+ Kg5 45. Nxc8 Rd8 46. Nxb6 Na1 47. Rd2 Rb8 48. Nd5 Nb3 49. Rd1 Nc5 50. Rxf7 h5 51. Rc7 Nxa4 52. Rxc4 Nb2 53. Rb4 Nxd1 54. Kxd1 f5 55. b6 h4 56. g4 fxg4 57. fxg4 Rb7 58. Ke2 Kg6 59. c4 Kf7 60. c5 1-0

[Event "Tournament of Champions"]
[Site "Winnipeg CAN"]
[Date "2013.11.05"]
[Round "1.6"]
[White "Babb, Jeff"]
[Black "Boron, Anthony"]
[Result "1-0"]
[WhiteElo "2140"]
[BlackElo "1968"]
[PlyCount "51"]
[GameId "2160767909224912"]
[EventDate "2013.11.05"]
[EventType "swiss"]
[EventRounds "5"]
[EventCountry "CAN"]

1. f4 d5 2. e3 g6 3. Nf3 Bg7 4. Be2 Nh6 5. O-O O-O 6. d3 c6 7. c3 Nd7 8. Kh1 b6 9. e4 e6 10. Qe1 Ba6 11. e5 Nc5 12. Qd1 Nf5 13. a4 Nd7 14. b4 c5 15. b5 Bb7 16. d4 Qc7 17. g4 Ne7 18. Bd3 f6 19. Qe1 fxe5 20. fxe5 Rae8 21. Na3 cxd4 22. cxd4 Nxe5 23. Nxe5 Rxf1+ 24. Bxf1 Rf8 25. Bg2 Bc8 26. Bg5 1-0

[Event "Tournament of Champions"]
[Site "Winnipeg CAN"]
[Date "2013.11.05"]
[Round "1.6"]
[White "Baron, Gustav"]
[Black "Clark, Jeff"]
[Result "0-1"]
[WhiteElo "1936"]
[BlackElo "2048"]
[PlyCount "90"]
[GameId "2160767909224913"]
[EventDate "2013.11.05"]
[EventType "swiss"]
[EventRounds "5"]
[EventCountry "CAN"]

1. d4 Nf6 2. Bg5 d5 3. Nf3 e6 4. e3 Nbd7 5. Bd3 Be7 6. Nbd2 O-O 7. c3 c5 8. O-O b6 9. h3 Bb7 10. Re1 Ne4 11. Bf4 Ndf6 12. Ne5 Rc8 13. Nxe4 dxe4 14. Bf1 Nd5 15. Bh2 f6 16. Nc4 f5 17. Ne5 Bd6 18. a3 Qe7 19. c4 Nf6 20. Rc1 Rfd8 21. Qa4 Ba8 22. Red1 Bb8 23. b4 cxd4 24. exd4 Nd7 25. Nxd7 Bxh2+ 26. Kxh2 Rxd7 27. Qa6 Rcd8 28. c5 bxc5 29. Rxc5 Qd6+ 30. Qxd6 Rxd6 31. Bc4 Bd5 32. Be2 R8d7 33. h4 Kf7 34. Kg3 Kf6 35. Kf4 Bb3 36. Rb1 Bd5 37. g4 fxg4 38. Bxg4 Bb7 39. Re5 Rxd4 40. Rxe6+ Kf7 41. Kg3 Rd3+ 42. Kf4 h5 43. Bxh5+ Kxe6 44. Bg4+ Kf6 45. Bxd7 Rxd7 0-1

[Event "Tournament of Champions"]
[Site "Winnipeg CAN"]
[Date "2013.11.05"]
[Round "1.6"]
[White "Schulz, Waldemar"]
[Black "Li, Kevin"]
[Result "0-1"]
[WhiteElo "1980"]
[BlackElo "2231"]
[PlyCount "64"]
[GameId "2160767909224914"]
[EventDate "2013.11.05"]
[EventType "swiss"]
[EventRounds "5"]
[EventCountry "CAN"]

1. d4 Nf6 2. Bg5 Ne4 3. h4 c5 4. d5 Qb6 5. Qc1 c4 6. Be3 Qa5+ 7. c3 Qxd5 8. Nd2 Nxd2 9. Qxd2 Qxd2+ 10. Kxd2 Nc6 11. g3 d5 12. Bg2 Bf5 13. Rd1 e6 14. Nh3 Be7 15. Nf4 O-O-O 16. Kc1 Rhe8 17. Bh3 Bxh3 18. Rxh3 Rd7 19. Bd2 e5 20. Ng2 d4 21. cxd4 exd4 22. Bf4 Bf6 23. Rd2 b5 24. g4 Bd8 25. e3 Ba5 26. Rd1 d3 27. Rhh1 Kb7 28. Kb1 b4 29. Ne1 Red8 30. Nf3 c3 31. Kc1 c2 32. Rdf1 b3 0-1

[Event "Tournament of Champions"]
[Site "Winnipeg CAN"]
[Date "2013.11.05"]
[Round "1.6"]
[White "Wasserman, Leor"]
[Black "Platt, Alex"]
[Result "1/2-1/2"]
[WhiteElo "2027"]
[BlackElo "1929"]
[PlyCount "167"]
[GameId "2160767909224915"]
[EventDate "2013.11.05"]
[EventType "swiss"]
[EventRounds "5"]
[EventCountry "CAN"]

1. e4 e6 2. c4 d5 3. cxd5 exd5 4. e5 Bc5 5. d4 Bb6 6. Nf3 Ne7 7. Bd3 h6 8. O-O O-O 9. Nc3 c6 10. Re1 Na6 11. a3 Nc7 12. h3 Bf5 13. Nh4 Bxd3 14. Qxd3 g5 15. Nf3 Qd7 16. g4 Ng6 17. Ne2 Ne6 18. Kh2 c5 19. Ng3 Ngf4 20. Bxf4 Nxf4 21. Qd2 Qb5 22. Nf5 Kh7 23. Red1 Qe2 24. Qxe2 Nxe2 25. dxc5 Bxc5 26. Rxd5 Rac8 27. b4 Bb6 28. Rd6 f6 29. Rd7+ Kh8 30. Nxh6 fxe5 31. Nf7+ Kg8 32. N3xg5 Rc7 33. Rad1 Rc6 34. R1d6 Rxd6 35. Rxd6 Rxf7 36. Nxf7 Kxf7 37. Rd7+ Ke6 38. Rxb7 Bxf2 39. b5 Nf4 40. Rc7 e4 41. Rc6+ Kd5 42. Rf6 e3 43. Rxf4 e2 44. Rxf2 e1=Q 45. Kg2 Qa5 46. Rf3 Ke4 47. Kg3 Qe1+ 48. Kg2 Qe2+ 49. Rf2 Qxb5 50. Rf3 Qe2+ 51. Rf2 Qe3 52. a4 Qa3 53. Re2+ Kf4 54. Rf2+ Kg5 55. Rf5+ Kg6 56. Rf4 Qe3 57. Rf5 Qa3 58. Rf4 Qd3 59. Rf5 Qc2+ 60. Kg3 Qxa4 61. Rf4 Qb3+ 62. Rf3 Qc4 63. Rf4 Qc7 64. Kf3 a5 65. h4 Qxf4+ 66. Kxf4 a4 67. h5+ Kg7 68. g5 a3 69. Kf5 a2 70. h6+ Kg8 71. g6 a1=Q 72. Kg5 Qe5+ 73. Kg4 Qf6 74. h7+ Kg7 75. h8=B+ Kxh8 76. Kh5 Kg7 77. Kg4 Qxg6+ 78. Kf4 Kf6 79. Kf3 Ke5 80. Ke3 Qe4+ 81. Kf2 Kf4 82. Kg1 Qf3 83. Kh2 Kg4 84. Kg1 1/2-1/2

[Event "Tournament of Champions"]
[Site "Winnipeg CAN"]
[Date "2013.11.12"]
[Round "2.6"]
[White "Boron, Anthony"]
[Black "Baron, Gustav"]
[Result "1-0"]
[WhiteElo "1968"]
[BlackElo "1936"]
[PlyCount "33"]
[GameId "2160767909224916"]
[EventDate "2013.11.05"]
[EventType "swiss"]
[EventRounds "5"]
[EventCountry "CAN"]

1. e4 c6 2. d4 d5 3. Nc3 dxe4 4. Nxe4 Nd7 5. Nf3 Ndf6 6. Neg5 Bg4 7. Bc4 Nh6 8. Qd3 Bf5 9. Bxf7+ Nxf7 10. Qxf5 Nxg5 11. Bxg5 Qd5 12. Qxd5 Nxd5 13. c3 h6 14. Bd2 g5 15. O-O Bg7 16. Rfe1 O-O-O 17. c4 1-0

[Event "Tournament of Champions"]
[Site "Winnipeg CAN"]
[Date "2013.11.12"]
[Round "2.6"]
[White "Clark, Jeff"]
[Black "Lipnowski, Samuel"]
[Result "0-1"]
[WhiteElo "2048"]
[BlackElo "2223"]
[PlyCount "92"]
[GameId "2160767909224917"]
[EventDate "2013.11.05"]
[EventType "swiss"]
[EventRounds "5"]
[EventCountry "CAN"]

1. c4 g6 2. Nc3 Bg7 3. Nf3 Nf6 4. d4 d5 5. e3 O-O 6. Bd3 dxc4 7. Bxc4 c5 8. O-O cxd4 9. exd4 Nc6 10. Be3 Na5 11. Bd3 Be6 12. Qe2 Rc8 13. Ne5 Nc6 14. Nxc6 Rxc6 15. Rfd1 Nd5 16. Rac1 a6 17. Be4 Nxc3 18. Rxc3 Rxc3 19. bxc3 Bd5 20. Bxd5 Qxd5 21. c4 Qe4 22. Qd3 Qc6 23. d5 Qd7 24. Rb1 Rc8 25. Qb3 Be5 26. c5 Rd8 27. Rd1 Qg4 28. g3 h5 29. Rc1 Qe4 30. Qxb7 Rxd5 31. c6 Rd3 32. Qb6 h4 33. c7 Bxc7 34. Qxc7 h3 35. Qc8+ Kg7 36. Qxh3 Rxe3 37. Qf1 Re2 38. Ra1 a5 39. a4 Qc2 40. Re1 Rxe1 41. Qxe1 Qxa4 42. Qxe7 Qa1+ 43. Kg2 a4 44. h4 a3 45. h5 a2 46. hxg6 Qf6 0-1

[Event "Tournament of Champions"]
[Site "Winnipeg CAN"]
[Date "2013.11.12"]
[Round "2.6"]
[White "De Groot, Steven"]
[Black "Wasserman, Leor"]
[Result "1/2-1/2"]
[WhiteElo "1963"]
[BlackElo "2027"]
[PlyCount "169"]
[GameId "2160767909224918"]
[EventDate "2013.11.05"]
[EventType "swiss"]
[EventRounds "5"]
[EventCountry "CAN"]

1. Nf3 Nf6 2. c4 c5 3. d4 cxd4 4. Qxd4 Nc6 5. Qd1 g6 6. g3 Bg7 7. Bg2 O-O 8. O-O d6 9. Nc3 Be6 10. Nd5 Bxd5 11. cxd5 Nb4 12. Ne1 Rc8 13. a3 Na6 14. Be3 Nc5 15. Bd4 Nfd7 16. Bxg7 Kxg7 17. b4 Na6 18. Qd4+ Kg8 19. Qxa7 Nb6 20. Qxb7 Ra8 21. Nd3 Nb8 22. Rfc1 Ra6 23. Qc7 Qe8 24. b5 Qxb5 25. Rab1 Qa5 26. Rb3 N8d7 27. Qc3 Qa4 28. Nb4 Nc5 29. Nxa6 Nxb3 30. Rb1 Nd4 31. Qd3 Nc4 32. Qxd4 Qxa6 33. Qd3 Ra8 34. Rb4 Nxa3 35. Rb8+ Kg7 36. Qd4+ f6 37. Rxa8 Qxa8 38. Qe3 Kf8 39. Bh3 Nc2 40. Qc3 Qa1+ 41. Qxa1 Nxa1 42. e4 Nb3 43. Kg2 Nd2 44. f3 h5 45. Kf2 Nc4 46. f4 g5 47. Bf1 Nd2 48. Bd3 Kg7 49. Ke3 Nb3 50. Bc2 Nc5 51. Kd4 Nd7 52. Ba4 Nc5 53. Be8 gxf4 54. gxf4 h4 55. h3 Nb3+ 56. Ke3 Nc5 57. Bh5 Kh6 58. Bg4 Kg6 59. Kf3 Kh6 60. Bc8 Kg6 61. Kg4 Kh6 62. Bf5 Nd3 63. Bc8 Kg6 64. Bf5+ Kh6 65. Kxh4 Nxf4 66. Kg4 Nd3 67. Kf3 Kg5 68. Kg3 Nc5 69. Bh7 Nd3 70. Bf5 Kh5 71. Bg4+ Kh6 72. Bf5 Nc5 73. Kg4 Nd3 74. Kg3 Ne5 75. Bg4 Ng6 76. Bf5 Nf8 77. h4 Kh5 78. Bg4+ Kg6 79. Kf4 Kg7 80. Kf5 Ng6 81. h5 Nf8 82. Be2 Kh6 83. Bg4 Kg7 84. Be2 Kf7 85. h6 1/2-1/2

[Event "Tournament of Champions"]
[Site "Winnipeg CAN"]
[Date "2013.11.12"]
[Round "2.6"]
[White "Green, Jim"]
[Black "Schulz, Waldemar"]
[Result "0-1"]
[WhiteElo "1823"]
[BlackElo "1980"]
[PlyCount "78"]
[GameId "2160767909224919"]
[EventDate "2013.11.05"]
[EventType "swiss"]
[EventRounds "5"]
[EventCountry "CAN"]

1. e4 c5 2. Nf3 e6 3. Be2 Nc6 4. O-O d6 5. b3 Be7 6. Bb2 Bf6 7. Bxf6 Qxf6 8. Nc3 a6 9. Na4 Qd8 10. Re1 Nf6 11. Bf1 b5 12. Nb2 O-O 13. a4 b4 14. Nd3 e5 15. h3 Bb7 16. Nb2 Qc7 17. Nc4 Rfe8 18. Bd3 Nd8 19. Nh4 Ne6 20. Nf5 Rad8 21. Ng3 Nf4 22. Qf3 Bc8 23. Kh2 Nxd3 24. Qxd3 d5 25. exd5 Nxd5 26. Kg1 Bb7 27. Ne3 Nf4 28. Qc4 Rd4 29. Qf1 Rxd2 30. Rad1 Rdd8 31. Ne2 Ne6 32. Rxd8 Rxd8 33. Rd1 Nd4 34. Nxd4 cxd4 35. Nc4 Bd5 36. Re1 f6 37. f4 exf4 38. Qd3 f3 39. Nd2 Qg3 0-1

[Event "Tournament of Champions"]
[Site "Winnipeg CAN"]
[Date "2013.11.12"]
[Round "2.6"]
[White "Li, Kevin"]
[Black "Babb, Jeff"]
[Result "1-0"]
[WhiteElo "2231"]
[BlackElo "2140"]
[PlyCount "105"]
[GameId "2160767909224920"]
[EventDate "2013.11.05"]
[EventType "swiss"]
[EventRounds "5"]
[EventCountry "CAN"]

1. e4 d5 2. exd5 Qxd5 3. Nf3 Nf6 4. Nc3 Qd6 5. Be2 c6 6. h3 e5 7. d4 exd4 8. Nxd4 Be7 9. Be3 O-O 10. O-O Rd8 11. Qe1 Qc7 12. Rd1 a6 13. Bf3 c5 14. Bf4 Bd6 15. Ndb5 axb5 16. Rxd6 Rxd6 17. Nxb5 Qb6 18. Nxd6 Be6 19. b3 Rxa2 20. Nxb7 Nc6 21. Bxc6 Qxc6 22. Nd8 Qe4 23. Qxe4 Nxe4 24. Nxe6 fxe6 25. Rc1 Nc3 26. Kf1 Nd5 27. Bd2 Kf7 28. Ke2 Ke7 29. Kd3 Kd6 30. g4 Ra7 31. c4 Ne7 32. Be3 Nc6 33. Ke4 Ra3 34. Rd1+ Kc7 35. Rd3 Nb4 36. Bxc5 Nxd3 37. Bxa3 Nxf2+ 38. Kf3 Nxh3 39. Bc1 g5 40. Be3 e5 41. Ke4 Kd6 42. c5+ Ke6 43. b4 Nf4 44. b5 Nd5 45. b6 Nf6+ 46. Kd3 Kd5 47. Bxg5 Nd7 48. Be7 Kc6 49. Ke4 Nb8 50. Kxe5 Nd7+ 51. Ke6 Nb8 52. Bd6 Nd7 53. g5 1-0

[Event "Tournament of Champions"]
[Site "Winnipeg CAN"]
[Date "2013.11.12"]
[Round "2.6"]
[White "Platt, Alex"]
[Black "Swift, Ryne"]
[Result "0-1"]
[WhiteElo "1929"]
[BlackElo "1977"]
[PlyCount "112"]
[GameId "2160767909224921"]
[EventDate "2013.11.05"]
[EventType "swiss"]
[EventRounds "5"]
[EventCountry "CAN"]

1. d4 d5 2. c4 e6 3. Nc3 Nf6 4. Bg5 Be7 5. e3 O-O 6. Nf3 b6 7. Qd2 Nbd7 8. Be2 Bb7 9. h4 c5 10. cxd5 Nxd5 11. Nxd5 Bxd5 12. Bxe7 Qxe7 13. O-O Rac8 14. g3 Qf6 15. Nh2 Rfd8 16. Ng4 Qg6 17. Kh2 h5 18. Ne5 Nxe5 19. dxe5 Bg2 20. Qxd8+ Rxd8 21. Kxg2 Rd2 22. Bf3 Qc2 23. b3 Qb2 24. Bxh5 g6 25. Bf3 Rxf2+ 26. Rxf2 Qxa1 27. h5 Qxe5 28. hxg6 f6 29. Rd2 Kg7 30. Kf2 Kxg6 31. Bg2 b5 32. Bf1 Qc3 33. Bd3+ f5 34. Ke2 c4 35. Bc2 Kf6 36. bxc4 bxc4 37. Ba4 Qb4 38. Bd1 c3 39. Rd4 Qb2+ 40. Kd3 Qd2+ 41. Kc4 c2 42. Rxd2 c1=Q+ 43. Kd3 e5 44. Ke2 Kg5 45. Rc2 Qb1 46. Rd2 Qe4 47. Kf2 Qh1 48. g4 fxg4 49. Rd8 Qh2+ 50. Kf1 Qxa2 51. Rd7 Qc4+ 52. Be2 Qa4 53. Rg7+ Kf5 54. Bd3+ e4 55. Be2 Qa1+ 56. Kf2 Qxg7 0-1

[Event "Tournament of Champions"]
[Site "Winnipeg CAN"]
[Date "2013.11.12"]
[Round "3.6"]
[White "Baron, Gustav"]
[Black "Green, Jim"]
[Result "1-0"]
[WhiteElo "1936"]
[BlackElo "1823"]
[PlyCount "38"]
[GameId "2160767909224922"]
[EventDate "2013.11.05"]
[EventType "swiss"]
[EventRounds "5"]
[EventCountry "CAN"]

1. d4 d5 2. c4 c6 3. Nc3 Nf6 4. cxd5 cxd5 5. Nf3 Nc6 6. Bg5 Ne4 7. Bf4 Qa5 8. Qb3 e6 9. e3 Bb4 10. Rc1 Bd7 11. Bd3 Nxd4 12. Nxd4 Ba4 13. Qxa4+ Qxa4 14. Bb5+ Qxb5 15. Ndxb5 Kd7 16. a3 Ba5 17. b4 Nxc3 18. Rxc3 Bb6 19. O-O f6 1-0

[Event "Tournament of Champions"]
[Site "Winnipeg CAN"]
[Date "2013.11.12"]
[Round "3.6"]
[White "Platt, Alex"]
[Black "De Groot, Steven"]
[Result "1-0"]
[WhiteElo "1929"]
[BlackElo "1963"]
[PlyCount "152"]
[GameId "2160767909224923"]
[EventDate "2013.11.05"]
[EventType "swiss"]
[EventRounds "5"]
[EventCountry "CAN"]

1. e4 c5 2. Nf3 d6 3. Bb5+ Bd7 4. Bxd7+ Qxd7 5. c4 Nc6 6. d4 cxd4 7. Nxd4 Nf6 8. Nc3 g6 9. O-O Bg7 10. Nde2 O-O 11. f3 Rfe8 12. Bf4 Nd8 13. Qd2 Qc6 14. b3 Ne6 15. Be3 a6 16. Rac1 b6 17. Nd5 Rab8 18. Rfd1 b5 19. cxb5 Qxb5 20. Nec3 Qb7 21. Nxf6+ Bxf6 22. Nd5 Bg7 23. Rc4 Bf8 24. Rdc1 Rec8 25. Qc2 Rxc4 26. Qxc4 h5 27. Kf2 Qb5 28. Qxb5 Rxb5 29. Rc4 Nc5 30. Bxc5 Rxc5 31. Rxc5 dxc5 32. Nc7 a5 33. Na6 e6 34. Ke2 Bd6 35. Kd3 f5 36. exf5 gxf5 37. Kc4 Bxh2 38. Kxc5 Kf7 39. b4 Bg1+ 40. Kc4 axb4 41. Nxb4 Ke7 42. a4 Kd6 43. a5 e5 44. a6 Ba7 45. Nd5 h4 46. Nc3 Kc6 47. Nb5 Bf2 48. a7 Kb7 49. Kd5 e4 50. fxe4 fxe4 51. Kxe4 Bg3 52. Kf5 Be1 53. Kg4 Bg3 54. Kf3 Be1 55. Ke2 Bg3 56. Kf1 Bh2 57. Ke2 Bg3 58. Kf3 Be1 59. Kg4 Bg3 60. Kh3 Be1 61. Nd4 Kxa7 62. Nf3 Bf2 63. Nxh4 Kb7 64. Kg4 Kc7 65. Kg5 Bg3 66. Nf5 Be5 67. Kg6 Kd7 68. Kf7 Bf4 69. g4 Bg5 70. Ng3 Bf4 71. Ne4 Kc6 72. Nf6 Kd6 73. Nh5 Be3 74. Ng3 Bf4 75. Nf5+ Ke5 76. Kg6 Bc1 1-0

[Event "Tournament of Champions"]
[Site "Winnipeg CAN"]
[Date "2013.11.12"]
[Round "3.6"]
[White "Schulz, Waldemar"]
[Black "Clark, Jeff"]
[Result "1-0"]
[WhiteElo "1980"]
[BlackElo "2048"]
[PlyCount "89"]
[GameId "2160767909224924"]
[EventDate "2013.11.05"]
[EventType "swiss"]
[EventRounds "5"]
[EventCountry "CAN"]

1. d4 Nf6 2. Nf3 e6 3. c4 b6 4. g3 Bb7 5. Bg2 Be7 6. O-O O-O 7. Nc3 d6 8. Re1 Ne4 9. Qc2 Nxc3 10. Qxc3 Nd7 11. e4 c5 12. d5 Bf6 13. Qc2 exd5 14. exd5 Ne5 15. Nxe5 Bxe5 16. Bd2 Qf6 17. Rab1 Rfe8 18. Be3 Re7 19. Qd2 h6 20. f4 Bd4 21. Bxd4 cxd4 22. Rxe7 Qxe7 23. Qxd4 Re8 24. Bf3 Bc8 25. Kf2 Bf5 26. Rc1 g6 27. Qc3 h5 28. Re1 Qxe1+ 29. Qxe1 Rxe1 30. Kxe1 Bb1 31. a3 Ba2 32. Be2 b5 33. Kd2 Kg7 34. Kc3 Kf6 35. b3 bxc4 36. bxc4 Bb1 37. Bd3 Bxd3 38. Kxd3 Ke7 39. Kd4 f5 40. c5 dxc5+ 41. Kxc5 Kd7 42. a4 Kc7 43. d6+ Kd7 44. Kd5 a5 45. h3 1-0